000 00907nam a2200217Ia 4500
999 _c9379
_d9379
005 20230917102637.0
008 230912s9999 xx 000 0 und d
020 _a968-24-3353-3
040 _aUPAN
_cBiblioteca San Vicente
_eRCAA2
041 _aspa
082 _a001.4
_bW457i
_c2004
100 _aWeiss, Carol H.
_4aut.
245 0 _aInvestigaciòn evaluativa/
_cCarol H. Weiss
250 _a2° ed
260 _aMéxico:
_bTrillas,
_c1990
300 _a183 p.;
_c23 cm
505 _aCap. 1 Introducción- Cap. 2 Objetivos de la Evaluación Cap. 3 Formulación de la pregunta y medición de la respuesta Cap. 4 Diseño de la Evaluación Cap. 5 El Marco Turbulento del Programa de Acción Cap. 6 Utilización de los resultados de la evaluación Bibliografía-Indice Analitico.
650 _2LEMB
_xInvestigación social
_93
700 _aGonzález Aramburo, Francisco
_4tr.
942 _cBK
_2ddc